Měřicí stolky s jemným stavěním úchylkoměru. STN 25 1890 : Účinnost: 1.4.1977

Na minha lista:
Detalhes bibliográficos
Formato: Livro
Idioma:tcheco
Publicado em: Praha : Úřad pro normalizaci a měření, 1976
Assuntos:
Tags: Adicionar Tag
Sem tags, seja o primeiro a adicionar uma tag!

MARC

LEADER 00000nam a22000003a 4500
001 stu79883
005 20150408175422.1
008 030318s1976----cs------------------cze-d
040 |a STU  |b slo 
041 0 |a cze 
044 |a cs 
080 |a 531.717.3-21 
245 |a Měřicí stolky s jemným stavěním úchylkoměru. STN 25 1890 :  |b Účinnost: 1.4.1977 
260 |a Praha :  |b Úřad pro normalizaci a měření,  |c 1976 
300 |a 8 s 
650 7 |a úchylkomery  |2 stusub 
996 |b 284M039597  |c M*N-590-1  |l MMKN  |s A  |a 24  |w stu79883_0001 
996 |b 284M039598  |c M*N-590-2  |l MMKN  |s A  |a 24  |w stu79883_0002